Wszystkie gminy w powiecie człuchowskim - Statystyki

Ogólne statystyki
  • Ten quiz został rozwiązany 6 razy
  • Średni wynik to 10 z 11
Statystyki odpowiedzi
Gmina Odpowiedź % Poprawnych
Gmina Miejsko-Wiejska Czarne
100%
Miasto Czarne
100%
Obszar Wiejski Czarne
100%
Gmina Miejska Człuchów
100%
Gmina Wiejska Człuchów
100%
Gmina Miejsko-Wiejska Debrzno
100%
Miasto Debrzno
100%
Obszar Wiejski Debrzno
100%
Gmina Wiejska Przechlewo
83%
Gmina Wiejska Koczała
67%
Gmina Wiejska Rzeczenica
67%
Nie znaleziono quizów pasujących do podanych kryteriów
Rozkład punktacji
Procent ludzi z każdym wynikiem
Percentyl według liczby udzielonych odpowiedzi
Twoja historia wyników
Nie rozwiązałeś tego quizu